voc 5 espagnol - Statistiques

Statistiques générales
  • Ce quiz a été pris 61 fois
  • Le résultat moyen est 22 sur 35
Statistiques - réponses
Hint Réponse % Correct
la maison la casa
98%
novembre noviembre
89%
pays país
89%
septembre septiembre
87%
jour día
85%
la droite la derecha
83%
la ville la ciudad
81%
lundi lunes
81%
la gauche la izquierda
79%
mois mes
79%
mercredi miércoles
79%
décembre deciembre
74%
janvier enero
74%
mai mayo
74%
jeudi jueves
70%
mardi martes
70%
samedi sabado
70%
vendredi viernes
70%
avril abril
68%
juillet julio
68%
mars marzo
68%
dimanche domingo
66%
le téléphone el teléphono
66%
février febrero
66%
juin junio
66%
octobre octubre
64%
août agosto
53%
le village el pueblo
47%
l'adresse la dirección
38%
les douze mois de l'année los doce meses del año
34%
le bâtiment el edificio
30%
la lettre letra
19%
les quartiers el barrio
17%
l'étage la planta
17%
rez-de-chaussée baja
6%
Aucun quiz correspondant
Distribution des résultats
% des personnes avec chaque résultat
Percentile par nombre de réponses
Votre historique - résultats
Vous n’avez pas pris ce quiz